Változás a szolgabírák beosztásában

Správa o tom, že nastali zmeny pri menovaní slúžnych, ktoré urobil hlavný župan Zemplínskej župy. Nedržal sa pritom rozhodnutia municípia. Ladislav Görgey bol vymenovaný za slúžneho do Humenného a Ondrej (Andor) Cseley do Sečoviec.

Podrobná bibliografia
Médium: Článok
Jazyk:Hungarian
Témy:
Zdroj: 1. Felvidéki Hirlap 1. Roč. 5, č. 39 (13.10.1912) s. 2
LEADER 01107nab#a2200313#ar4500
001 000074067
003 SVKKK
005 20040604xxxxxxx.
008 06 c xo huno
FMT
038 |a SVKKK 
040 |a SVKKK  |b slo  |e AACR2 
041 0 |a hun 
044 |a xo  |c SK 
080 |a 353 
242 1 0 |a Zmeny pri zadeľovaní slúžnych 
245 0 0 |a Változás a szolgabírák beosztásában 
500 |a mikrofilm 
520 2 |a Správa o tom, že nastali zmeny pri menovaní slúžnych, ktoré urobil hlavný župan Zemplínskej župy. Nedržal sa pritom rozhodnutia municípia. Ladislav Görgey bol vymenovaný za slúžneho do Humenného a Ondrej (Andor) Cseley do Sečoviec. 
650 0 4 |a úrady slúžnovské - Görgey, Ladislav (slúžny) - Humenné - menovanie úradné - Cseley, Ondrej (slúžny) - Sečovce (TV) - menovanie - október 1912 - správy 
773 0 |t Felvidéki Hirlap  |g Roč. 5, č. 39 (13.10.1912) s. 2 
957 |a Humenné 
957 |a Sečovce 
958 |a DG 
958 |a SK 
974 |a Ba  |d 20040604 
992 |a RBX 
BAS
998 |a RETRO